[Event "España ch Sub-16 2008"]
[Site "Padron ESP"]
[Date "2008.07.20"]
[Round "1.23"]
[White "Dosuna Aguilar, Endika"]
[Black "De Nacimiento Montano, Angel"]
[Result "0-1"]
[PlyCount "138"]
[EventDate "2008.07.20"]
[EventType "swiss"]
[EventRounds "9"]
[EventCountry "ESP"]
[Source "lmi"]
[SourceDate "2008.07.20"]
[WhiteElo "1802"]
[BlackElo "2099"]

1. e4 c5 2. Nf3 Nc6 3. d4 cxd4 4. Nxd4 Nf6 5. Nc3 e6 6. Ndb5 Bb4 7. Nd6+ Ke7 8.
Nxc8+ Rxc8 9. Bd3 Bxc3+ 10. bxc3 Qa5 11. Bb2 Rhd8 12. O-O Kf8 13. c4 e5 14. c3
d6 15. Qe2 Qc5 16. a4 Na5 17. Ba3 Qc7 18. Rfd1 Ne8 19. Qh5 Kg8 20. Rab1 b6 21.
Rb4 Nf6 22. Qf3 Nd7 23. Bf1 Nc5 24. Rd5 Nc6 25. Rb1 Nxa4 26. Rbd1 Nc5 27. h3
Ne7 28. R5d2 Qc6 29. Bxc5 Qxc5 30. Qh5 Qc7 31. Rd3 Ng6 32. Qg5 h6 33. Qd2 Qxc4
34. Rxd6 Rxd6 35. Qxd6 Qxc3 36. Ba6 Rf8 37. Qd7 Qc2 38. Re1 Nf4 39. Qxa7 Qc6
40. Bb7 Qg6 41. g3 Nxh3+ 42. Kg2 Nf4+ 43. Kf1 Nd3 44. Rd1 Nc5 45. Re1 Nxb7 46.
Qxb7 Qd6 47. Kg2 Rb8 48. Qa6 Qb4 49. Re3 Qa5 50. Qc4 Qc5 51. Qb3 b5 52. Rc3 Qd4
53. Kf3 Qa4 54. Qb1 b4 55. Rb3 Qc6 56. Qb2 Qc5 57. g4 Rb6 58. Kg3 Qc4 59. Qb1
Qd4 60. Kg2 Rf6 61. Qc2 Rg6 62. Qc8+ Kh7 63. Qc2 Rxg4+ 64. Kf1 Qxe4 65. Qxe4+
Rxe4 66. f3 Rf4 67. Ke2 f5 68. Re3 e4 69. fxe4 Rxe4 0-1

[Event "España ch Sub-16 2008"]
[Site "Padron ESP"]
[Date "2008.07.20"]
[Round "1.24"]
[White "Moreno Martin, Daniel"]
[Black "Garro Beraza, Julen"]
[Result "1/2-1/2"]
[PlyCount "65"]
[EventDate "2008.07.20"]
[EventType "swiss"]
[EventRounds "9"]
[EventCountry "ESP"]
[Source "lmi"]
[SourceDate "2008.07.20"]
[WhiteElo "2091"]
[BlackElo "1793"]

1. e4 c5 2. Nf3 d6 3. d4 cxd4 4. Nxd4 Nf6 5. Nc3 a6 6. Be2 e6 7. f4 Be7 8. O-O
O-O 9. Kh1 Qc7 10. a4 b6 11. e5 dxe5 12. fxe5 Nfd7 13. Bf4 Bb7 14. Bf3 Nc6 15.
Nxc6 Bxc6 16. Qe2 Rfc8 17. Bxc6 Qxc6 18. Qg4 Qc4 19. Qg3 Nf8 20. Be3 b5 21. Rf4
Qc6 22. Raf1 Ng6 23. Rxf7 b4 24. Ne2 Rf8 25. Rxf8+ Rxf8 26. Rc1 Qxa4 27. Qg4
Qd7 28. Qe4 Qb5 29. Bd4 Bc5 30. Bxc5 Qxc5 31. Ng3 Rc8 32. Re1 Qxc2 33. Qxb4
1/2-1/2

[Event "España ch Sub-16 2008"]
[Site "Padron ESP"]
[Date "2008.07.20"]
[Round "1.25"]
[White "Coll Ortega, Cristina"]
[Black "Pintor Munoz, Antonio"]
[Result "0-1"]
[PlyCount "60"]
[EventDate "2008.07.20"]
[EventType "swiss"]
[EventRounds "9"]
[EventCountry "ESP"]
[Source "lmi"]
[SourceDate "2008.07.20"]
[WhiteElo "1775"]
[BlackElo "2076"]

1. e4 e6 2. d4 d5 3. Nc3 Nf6 4. e5 Nfd7 5. f4 c5 6. Nf3 Nc6 7. Be3 a6 8. Qd2 b5
9. dxc5 Bxc5 10. Bxc5 Nxc5 11. Nd4 Qb6 12. Nxc6 Qxc6 13. Bd3 b4 14. Ne2 a5 15.
O-O Ba6 16. Nd4 Qb6 17. Bxa6 Rxa6 18. Kh1 O-O 19. Rf3 Ne4 20. Qd3 f6 21. exf6
Rxf6 22. Raf1 Ra8 23. f5 e5 24. Ne6 Qc6 25. Rd1 Nc3 26. Rg3 Nxd1 27. Qxd1 Rxf5
28. Nxg7 Rf7 29. Nf5+ Kh8 30. Qh5 Qxc2 0-1

[Event "España ch Sub-16 2008"]
[Site "Padron ESP"]
[Date "2008.07.20"]
[Round "1.26"]
[White "Castellanos Mendoza, David"]
[Black "Lopez Grana, Carmen"]
[Result "1-0"]
[PlyCount "69"]
[EventDate "2008.07.20"]
[EventType "swiss"]
[EventRounds "9"]
[EventCountry "ESP"]
[Source "lmi"]
[SourceDate "2008.07.20"]
[WhiteElo "2073"]
[BlackElo "1764"]

1. e4 e6 2. d4 d5 3. Nc3 Nf6 4. e5 Nfd7 5. f4 c5 6. Nf3 Nc6 7. Be3 a6 8. Qd2
cxd4 9. Nxd4 Bc5 10. h4 Qc7 11. Rh3 b5 12. O-O-O Nxd4 13. Bxd4 O-O 14. g4 f6
15. Bg2 Kh8 16. f5 b4 17. fxe6 bxc3 18. Rxc3 Nxe5 19. Rxc5 Qe7 20. Bxd5 Rb8 21.
Rc3 Rd8 22. Bxe5 fxe5 23. Qe1 Qb4 24. Rb3 Qf4+ 25. Kb1 Rxb3 26. Bxb3 Re8 27. e7
Qxg4 28. Ba4 Qxa4 29. Qf2 Be6 30. Qf8+ Bg8 31. b3 Qg4 32. Rd8 Rxf8 33. exf8=Q
Qe6 34. c4 e4 35. Re8 1-0

[Event "España ch Sub-16 2008"]
[Site "Padron ESP"]
[Date "2008.07.20"]
[Round "1.27"]
[White "Ontanon Gomez, Jesus"]
[Black "Subirats Ruiz, Sergi"]
[Result "1/2-1/2"]
[PlyCount "72"]
[EventDate "2008.07.20"]
[EventType "swiss"]
[EventRounds "9"]
[EventCountry "ESP"]
[Source "lmi"]
[SourceDate "2008.07.20"]
[WhiteElo "1761"]
[BlackElo "2054"]

1. e4 d5 2. exd5 Qxd5 3. Nc3 Qd6 4. d4 Nf6 5. Nf3 a6 6. h3 b5 7. Bd3 Bb7 8. Qe2
e6 9. Ne4 Qd5 10. Nc3 Qd6 11. Ne4 Qc6 12. Ng3 Nbd7 13. c3 h6 14. O-O Bd6 15.
Nf5 Kf8 16. Nxd6 cxd6 17. Rd1 Nb6 18. Ne1 Re8 19. Qc2 g5 20. Be2 Ne4 21. Bf3 f5
22. Bxe4 fxe4 23. f3 exf3 24. Nxf3 Kg7 25. Rf1 Rhf8 26. Bxg5 hxg5 27. Nxg5 Rf5
28. Nxe6+ Rxe6 29. Rxf5 Rg6 30. Rf2 Qd7 31. Raf1 Bd5 32. Kh2 Nc4 33. Qe2 Qd8
34. b3 Qg5 35. bxc4 Bxc4 36. Qf3 Kh7 1/2-1/2

[Event "España ch Sub-16 2008"]
[Site "Padron ESP"]
[Date "2008.07.20"]
[Round "1.28"]
[White "Anaya Lopez, Victor Jose"]
[Black "Lorenzo Serrano, Henar"]
[Result "1-0"]
[PlyCount "53"]
[EventDate "2008.07.20"]
[EventType "swiss"]
[EventRounds "9"]
[EventCountry "ESP"]
[Source "lmi"]
[SourceDate "2008.07.20"]
[WhiteElo "2046"]
[BlackElo "1745"]

1. e4 c5 2. Nf3 Nc6 3. d4 cxd4 4. Nxd4 Nf6 5. Nc3 e6 6. Ndb5 Bb4 7. a3 Be7 8.
Nd6+ Bxd6 9. Qxd6 Qe7 10. Qxe7+ Kxe7 11. Bf4 Rd8 12. Bc7 Rf8 13. O-O-O Ne8 14.
Bg3 a6 15. e5 b6 16. Bd3 h6 17. f4 Nc7 18. Rhe1 Bb7 19. Bf2 Rfc8 20. Bxb6 Na7
21. Be4 Bc6 22. Bc5+ Ke8 23. Bxc6 Nxc6 24. Ne4 Rcb8 25. Nd6+ Ke7 26. Nb5+ Kd8
27. Nxc7 1-0

[Event "España ch Sub-16 2008"]
[Site "Padron ESP"]
[Date "2008.07.20"]
[Round "1.29"]
[White "Reginaldo Vilalta, Albert"]
[Black "Hernandez Munoz, Antonio"]
[Result "0-1"]
[PlyCount "34"]
[EventDate "2008.07.20"]
[EventType "swiss"]
[EventRounds "9"]
[EventCountry "ESP"]
[Source "lmi"]
[SourceDate "2008.07.20"]
[WhiteElo "1738"]
[BlackElo "2044"]

1. d4 Nf6 2. e3 g6 3. Bd3 Bg7 4. f4 d6 5. Nf3 O-O 6. O-O c5 7. c3 Nc6 8. Qe1 e5
9. fxe5 dxe5 10. dxe5 Ng4 11. Bc2 Ngxe5 12. e4 Be6 13. b3 Nb4 14. cxb4 Nxf3+
15. Rxf3 Bxa1 16. Bh6 Bg7 17. Qe3 Bd4 0-1

[Event "España ch Sub-16 2008"]
[Site "Padron ESP"]
[Date "2008.07.20"]
[Round "1.30"]
[White "Marrero Falcon, Hector"]
[Black "Olabe Odriozola, Eduardo"]
[Result "1-0"]
[PlyCount "45"]
[EventDate "2008.07.20"]
[EventType "swiss"]
[EventRounds "9"]
[EventCountry "ESP"]
[Source "lmi"]
[SourceDate "2008.07.20"]
[WhiteElo "2044"]
[BlackElo "1728"]

1. e4 c5 2. Nf3 e6 3. d4 cxd4 4. Nxd4 a6 5. Nc3 Qc7 6. g3 Nf6 7. Bg2 b5 8. O-O
Bb7 9. Re1 d6 10. Bg5 Be7 11. Bxf6 Bxf6 12. Ndxb5 axb5 13. Nxb5 Qb6 14. Nxd6+
Ke7 15. Nxb7 Bxb2 16. Rb1 Rxa2 17. e5 Rc8 18. Nd6 Rf8 19. Nc4 Qb5 20. Rxb2 Rxb2
21. Nxb2 Qxb2 22. Qd6+ Ke8 23. Rd1 1-0

[Event "España ch Sub-16 2008"]
[Site "Padron ESP"]
[Date "2008.07.20"]
[Round "1.31"]
[White "Carballo Noya, Miguel"]
[Black "Garcia Gil, Bernardino"]
[Result "0-1"]
[PlyCount "100"]
[EventDate "2008.07.20"]
[EventType "swiss"]
[EventRounds "9"]
[EventCountry "ESP"]
[Source "lmi"]
[SourceDate "2008.07.20"]
[WhiteElo "1726"]
[BlackElo "2044"]

1. e4 e6 2. d4 d5 3. e5 c5 4. c3 Nc6 5. Nf3 Qb6 6. a3 c4 7. Qc2 Na5 8. Nbd2 Bd7
9. Be2 h6 10. Bd1 Ne7 11. a4 Nec6 12. b4 cxb3 13. Nxb3 Nc4 14. Nfd2 N6a5 15.
Nxc4 Nxc4 16. Nd2 Na5 17. Be2 Rc8 18. Ba3 Bxa3 19. Rxa3 Qxd4 20. cxd4 Rxc2 21.
Kd1 Rc7 22. Bd3 Ke7 23. Ke2 Rhc8 24. Rd1 Rc3 25. Rxc3 Rxc3 26. Ra1 Nc6 27. Nf3
Nb4 28. Bb5 a6 29. Rb1 axb5 30. Rxb4 Rc4 31. Rxc4 dxc4 32. axb5 Bxb5 33. Kd2
Bc6 34. Ne1 f6 35. f4 fxe5 36. dxe5 Bd5 37. Kc3 Kd7 38. g4 g6 39. Nc2 Kc6 40.
Kb4 Be4 41. Ne3 b5 42. h3 c3 43. Kxc3 Kc5 44. f5 gxf5 45. gxf5 Bxf5 46. Nxf5
exf5 47. e6 Kd6 48. Kd4 Kxe6 49. h4 b4 50. Kc4 f4 0-1

[Event "España ch Sub-16 2008"]
[Site "Padron ESP"]
[Date "2008.07.20"]
[Round "1.32"]
[White "Vila Gonzalez, Daniel"]
[Black "Navarro Molina, David"]
[Result "0-1"]
[PlyCount "80"]
[EventDate "2008.07.20"]
[EventType "swiss"]
[EventRounds "9"]
[EventCountry "ESP"]
[Source "lmi"]
[SourceDate "2008.07.20"]
[WhiteElo "2039"]
[BlackElo "1723"]

1. e4 c5 2. Nf3 e6 3. d4 cxd4 4. Nxd4 Nc6 5. Nc3 Qc7 6. Be2 a6 7. O-O b5 8. a3
Bb7 9. Be3 Nf6 10. Kh1 Be7 11. f4 O-O 12. Bf3 Rad8 13. f5 Qb8 14. Qe2 Bd6 15.
Nxc6 Bxc6 16. Bd4 Be5 17. Rad1 Rfe8 18. fxe6 dxe6 19. Bxe5 Qxe5 20. Rxd8 Rxd8
21. Rd1 Rxd1+ 22. Qxd1 g6 23. Qe2 a5 24. h3 b4 25. axb4 axb4 26. Na2 Qxb2 27.
Qc4 Qa1+ 28. Kh2 Qe5+ 29. Kh1 Bxe4 30. Bxe4 Qxe4 31. Qxe4 Nxe4 32. Nxb4 Kg7 33.
Kg1 Kf6 34. Nd3 e5 35. Kf1 Ke6 36. Ke2 Kd5 37. Ke3 Nd6 38. Nb4+ Kc4 39. Nc6 f6
40. Ne7 Nf5+ 0-1

[Event "España ch Sub-16 2008"]
[Site "Padron ESP"]
[Date "2008.07.20"]
[Round "1.33"]
[White "Fuertes Romo, Jose Manuel"]
[Black "Suarez Calvo, Alexandra"]
[Result "0-1"]
[WhiteElo "1723"]
[BlackElo "2037"]
[PlyCount "60"]
[EventDate "2008.07.20"]
[EventType "swiss"]
[EventRounds "9"]
[EventCountry "ESP"]
[Source "lmi"]
[SourceDate "2008.07.20"]

1. e4 e6 2. d4 d5 3. Nc3 Nf6 4. e5 Nfd7 5. f4 c5 6. Nf3 Nc6 7. Be3 Qb6 8. Na4
Qa5+ 9. c3 c4 10. b4 Qc7 11. g3 Ne7 12. Bh3 Nf5 13. Bf2 h5 14. Qc2 Be7 15. Bxf5
exf5 16. Ng5 Nf8 17. O-O Bxg5 18. fxg5 h4 19. Rae1 Be6 20. Nc5 O-O-O 21. Re3
Ng6 22. Rf3 Rh5 23. Nxe6 fxe6 24. Rxf5 exf5 25. Qxf5+ Qd7 26. Qxg6 Qg4 27. h3
Rxg5 28. hxg4 Rxg6 29. gxh4 Rxg4+ 30. Kh2 Rf8 0-1

[Event "España ch Sub-16 2008"]
[Site "Padron ESP"]
[Date "2008.07.20"]
[Round "1.34"]
[White "Montañes Arribas, Adrian"]
[Black "Martinez Gonzalez, Francisco"]
[Result "1-0"]
[WhiteElo "2034"]
[BlackElo "1721"]
[PlyCount "89"]
[EventDate "2008.07.20"]
[EventType "swiss"]
[EventRounds "9"]
[EventCountry "ESP"]
[Source "lmi"]
[SourceDate "2008.07.20"]

1. e4 e6 2. d3 d5 3. Nd2 c5 4. Ngf3 Nc6 5. g3 Nf6 6. Bg2 Be7 7. O-O O-O 8. Re1
b5 9. e5 Nd7 10. Nf1 a5 11. h4 Ba6 12. Bf4 b4 13. N1h2 a4 14. a3 bxa3 15. bxa3
Rb8 16. Ng4 Rb2 17. Qc1 Qb6 18. Bg5 Bxg5 19. Qxg5 Qd8 20. Qd2 Qb8 21. h5 Ne7
22. Nf6+ Nxf6 23. exf6 gxf6 24. Qa5 Bb5 25. Rab1 Bd7 26. Rxb2 Qxb2 27. Qxc5 Nf5
28. g4 Ng7 29. d4 Rc8 30. Qe7 Bb5 31. Qxf6 Qxc2 32. Ng5 Qc7 33. Qh6 Bd3 34. Re3
Qc1+ 35. Kh2 Qc7+ 36. Kh3 Bb1 37. Rf3 Rf8 38. Rf5 Bxf5 39. gxf5 Rb8 40. f6 Kf8
41. Qxg7+ Ke8 42. Qg8+ Kd7 43. Qxf7+ Kc8 44. Qxc7+ Kxc7 45. f7 1-0

[Event "España ch Sub-16 2008"]
[Site "Padron ESP"]
[Date "2008.07.20"]
[Round "1.36"]
[White "Donoso Sanchez, Alejandro"]
[Black "Lopez Garralon, Miguel"]
[Result "1-0"]
[WhiteElo "2023"]
[BlackElo "1693"]
[PlyCount "61"]
[EventDate "2008.07.20"]
[EventType "swiss"]
[EventRounds "9"]
[EventCountry "ESP"]
[Source "lmi"]
[SourceDate "2008.07.20"]

1. e4 d5 2. exd5 Qxd5 3. Nc3 Qd6 4. d4 Nf6 5. Nf3 a6 6. g3 Bg4 7. Bg2 Nc6 8. h3
Bh5 9. O-O O-O-O 10. Bf4 Qb4 11. g4 Bg6 12. a3 Qc4 13. g5 Nd5 14. Nxd5 Qxd5 15.
Ne5 Qxd4 16. Qg4+ e6 17. Bxc6 bxc6 18. Nxc6 Bf5 19. Qf3 Qd5 20. Qc3 Rd7 21. Ne5
Rd6 22. Rad1 Qe4 23. Bh2 Rxd1 24. Rxd1 Qxc2 25. Qxc2 Bxc2 26. Rc1 Bg6 27. Rxc7+
Kd8 28. Nxf7+ Bxf7 29. Rxf7 Rg8 30. Ra7 Bc5 31. Ra8+ 1-0

[Event "España ch Sub-16 2008"]
[Site "Padron ESP"]
[Date "2008.07.20"]
[Round "1.37"]
[White "Fernandez Arroyo, Cesar"]
[Black "Navarro Diaz, Carles"]
[Result "0-1"]
[WhiteElo "1685"]
[BlackElo "2020"]
[PlyCount "84"]
[EventDate "2008.07.20"]
[EventType "swiss"]
[EventRounds "9"]
[EventCountry "ESP"]
[Source "lmi"]
[SourceDate "2008.07.20"]

1. e4 e5 2. Nf3 Nf6 3. d4 Nxe4 4. Bd3 d5 5. dxe5 Nc5 6. Nc3 c6 7. O-O Be7 8.
Nd4 Nxd3 9. Qxd3 O-O 10. f4 Nd7 11. Qg3 Bh4 12. Qf3 f5 13. Kh1 Be7 14. Nxd5
cxd5 15. Qxd5+ Kh8 16. Ne6 Nb6 17. Qxd8 Rxd8 18. Nxd8 Bxd8 19. b3 Be7 20. c4
Kg8 21. Be3 Kf7 22. Rfd1 Ke6 23. h3 h5 24. Bf2 Bd7 25. Rd3 Bc6 26. Bxb6 axb6
27. a4 h4 28. Kh2 g5 29. g3 gxf4 30. gxf4 Bc5 31. Rd2 Rg8 32. Rb1 Be4 33. Rbd1
Rg3 34. Rb2 Be3 35. Rbd2 Bxf4 36. Rd6+ Kxe5 37. R1d5+ Bxd5 38. Rxd5+ Ke4 39.
Kh1 Be3 40. Rd7 Kf3 41. Kh2 Bf4 42. Kh1 Kf2 0-1

[Event "España ch Sub-16 2008"]
[Site "Padron ESP"]
[Date "2008.07.20"]
[Round "1.38"]
[White "Pozueta Alegria, Adrian"]
[Black "Castillo Escario, Yolanda"]
[Result "1-0"]
[WhiteElo "2016"]
[BlackElo "1679"]
[PlyCount "65"]
[EventDate "2008.07.20"]
[EventType "swiss"]
[EventRounds "9"]
[EventCountry "ESP"]
[Source "lmi"]
[SourceDate "2008.07.20"]

1. e4 e6 2. d3 d5 3. Nd2 Nf6 4. g3 Be7 5. Bg2 O-O 6. Ngf3 c5 7. O-O Nc6 8. Qe2
b5 9. Re1 a5 10. e5 Nd7 11. h4 a4 12. Nf1 Nd4 13. Nxd4 cxd4 14. Qg4 Re8 15.
Qxd4 b4 16. Qg4 Qc7 17. Qe2 Ba6 18. Bf4 Rac8 19. Rac1 Qa5 20. Ne3 Rc7 21. Nxd5
exd5 22. e6 Nf6 23. exf7+ Kxf7 24. Bxc7 Qxc7 25. Qe6+ Kf8 26. Qxa6 a3 27. bxa3
bxa3 28. c4 dxc4 29. Rxc4 Qb8 30. Qb7 Qd6 31. Rc8 Rxc8 32. Qxc8+ Kf7 33. d4 1-0

[Event "España ch Sub-16 2008"]
[Site "Padron ESP"]
[Date "2008.07.20"]
[Round "1.39"]
[White "Gonzalez Carro, Victor"]
[Black "Arregui Untoria, Carlos"]
[Result "1-0"]
[WhiteElo "1656"]
[BlackElo "2012"]
[PlyCount "109"]
[EventDate "2008.07.20"]
[EventType "swiss"]
[EventRounds "9"]
[EventCountry "ESP"]
[Source "lmi"]
[SourceDate "2008.07.20"]

1. e4 c5 2. Nf3 d6 3. c3 Nf6 4. h3 Nc6 5. Bd3 g6 6. Bc2 b5 7. O-O Bg7 8. d4
cxd4 9. cxd4 O-O 10. Nc3 b4 11. Ne2 Bb7 12. Ng3 Qc7 13. Be3 Rac8 14. Rc1 Qa5
15. Bb1 Nh5 16. Nxh5 Qxh5 17. Qd2 a5 18. Kh2 f5 19. exf5 gxf5 20. Bc2 Kh8 21.
Bb3 Ra8 22. d5 Ne5 23. Nxe5 Bxe5+ 24. f4 Bf6 25. Bd4 Ba6 26. Rfe1 Rac8 27. Rxc8
Bxc8 28. Rxe7 Qh6 29. Ra7 Rg8 30. Bxf6+ Qxf6 31. Rxa5 Qg7 32. Qf2 Re8 33. Ba4
Re4 34. Ra8 Rc4 35. Qe3 Qf7 36. Bc6 Qf8 37. b3 Re4 38. Qd2 Kg8 39. Bd7 Bxd7 40.
Rxf8+ Kxf8 41. Kg3 Kf7 42. Kf3 Bb5 43. Qc2 Ke7 44. Qc7+ Bd7 45. g4 Re1 46. gxf5
Rf1+ 47. Kg4 Rg1+ 48. Kf3 Rf1+ 49. Kg3 Rg1+ 50. Kf2 Rg7 51. f6+ Kxf6 52. Qxd6+
Kf5 53. Qe5+ Kg6 54. h4 Rf7 55. Qg5# 1-0

[Event "España ch Sub-16 2008"]
[Site "Padron ESP"]
[Date "2008.07.20"]
[Round "1.40"]
[White "Bujosa Ribas, Joan"]
[Black "Bascunada Gonzalez, Sergio"]
[Result "1/2-1/2"]
[WhiteElo "2012"]
[BlackElo "1645"]
[PlyCount "58"]
[EventDate "2008.07.20"]
[EventType "swiss"]
[EventRounds "9"]
[EventCountry "ESP"]
[Source "lmi"]
[SourceDate "2008.07.20"]

1. e4 e5 2. Nf3 Nf6 3. Nxe5 d6 4. Nf3 Nxe4 5. Nc3 Nxc3 6. dxc3 Be7 7. Bf4 Nc6
8. Qd2 Be6 9. Bd3 Qd7 10. h3 h6 11. O-O-O O-O-O 12. Kb1 Bf6 13. Bb5 a6 14. Ba4
b5 15. Bb3 Bxb3 16. axb3 d5 17. Rhe1 g5 18. Bg3 Rhe8 19. Rxe8 Qxe8 20. Re1 Qd7
21. Qe2 Qf5 22. Rd1 Na5 23. Qe3 Kb7 24. Nd4 Bxd4 25. cxd4 Nc6 26. Re1 Rd7 27.
Qd2 Re7 28. Rxe7 Nxe7 29. Qa5 Qd7 1/2-1/2

[Event "España ch Sub-16 2008"]
[Site "Padron ESP"]
[Date "2008.07.20"]
[Round "1.42"]
[White "Cruz Lledo, Pablo"]
[Black "Aguirre Alvarez, Marina"]
[Result "1-0"]
[WhiteElo "2008"]
[BlackElo "1636"]
[PlyCount "65"]
[EventDate "2008.07.20"]
[EventType "swiss"]
[EventRounds "9"]
[EventCountry "ESP"]
[Source "lmi"]
[SourceDate "2008.07.20"]

1. d4 d5 2. c4 e6 3. Nc3 Nf6 4. cxd5 exd5 5. Bg5 Be7 6. e3 Nbd7 7. Bd3 Nb6 8.
Nge2 Be6 9. O-O O-O 10. Qc2 h6 11. Bh4 Rc8 12. f3 c5 13. dxc5 Bxc5 14. Bf2 Re8
15. Rad1 Qc7 16. Nb5 Qb8 17. Qb1 Bd7 18. Nbd4 Nc4 19. e4 Ne5 20. exd5 Nxd5 21.
Be4 Nf6 22. Ng3 Nxe4 23. Nxe4 Nc4 24. Nxc5 Rxc5 25. Nc2 Rh5 26. Bg3 Qc8 27. b3
Qc5+ 28. Rf2 Bf5 29. bxc4 Re2 30. Qb4 Bxc2 31. Qxc5 Rxc5 32. Rd8+ Kh7 33. Rxe2
1-0

[Event "España ch Sub-16 2008"]
[Site "Padron ESP"]
[Date "2008.07.20"]
[Round "1.43"]
[White "Garcia Gutierrez, Isabel"]
[Black "Gomez Calomarde, Saul"]
[Result "0-1"]
[WhiteElo "1634"]
[BlackElo "2008"]
[PlyCount "88"]
[EventDate "2008.07.20"]
[EventType "swiss"]
[EventRounds "9"]
[EventCountry "ESP"]
[Source "lmi"]
[SourceDate "2008.07.20"]

1. e4 c5 2. Nf3 g6 3. d4 cxd4 4. Nxd4 Bg7 5. Nc3 Nc6 6. Be3 Nf6 7. f3 O-O 8.
Nb3 d6 9. Qd2 Be6 10. Be2 a5 11. Bb5 Ne5 12. Rb1 Nc4 13. Bxc4 Bxc4 14. a4 Nd7
15. Nd4 Rc8 16. Qf2 Ne5 17. b3 Ba6 18. Qd2 Nc6 19. Nxc6 Rxc6 20. Ne2 Qc7 21. c4
Qd8 22. Nf4 Re8 23. Rd1 Be5 24. Kf2 e6 25. h4 b6 26. g3 Bb7 27. Nh3 Qf6 28. Bg5
Qg7 29. Bh6 Qf6 30. Bg5 Qh8 31. Bh6 Rc5 32. Be3 Rc6 33. Bh6 Rcc8 34. Nf4 Rcd8
35. h5 Qf6 36. hxg6 fxg6 37. Qd3 g5 38. Ng2 d5 39. exd5 exd5 40. Bxg5 Bxg3+ 41.
Kxg3 Qxg5+ 42. Kf2 h6 43. Rhg1 dxc4 44. Qxc4+ Bd5 0-1

[Event "España ch Sub-16 2008"]
[Site "Padron ESP"]
[Date "2008.07.20"]
[Round "1.44"]
[White "Lopez Quevedo, Eduardo"]
[Black "Pedreira Giralda, Francisco"]
[Result "1/2-1/2"]
[WhiteElo "1998"]
[BlackElo "1608"]
[PlyCount "114"]
[EventDate "2008.07.20"]
[EventType "swiss"]
[EventRounds "9"]
[EventCountry "ESP"]
[Source "lmi"]
[SourceDate "2008.07.20"]

1. e4 Nf6 2. Nc3 d5 3. e5 d4 4. exf6 dxc3 5. bxc3 exf6 6. d4 Nc6 7. Bd3 Bd6 8.
Qf3 O-O 9. Ne2 Qd7 10. h3 Re8 11. O-O f5 12. Nf4 Ne7 13. Nh5 Qc6 14. Qxc6 Nxc6
15. Bb2 Bd7 16. Rab1 Na5 17. c4 b6 18. Bc3 Nc6 19. f4 f6 20. Kh1 Kf7 21. Rbd1
g6 22. Ng3 Re3 23. Be1 Nb4 24. Bf2 Re7 25. Bg1 c5 26. dxc5 Bxc5 27. Bxc5 bxc5
28. Ne2 Nxd3 29. Rxd3 Rxe2 30. Rxd7+ Kg8 31. Rb1 Rxc2 32. Rbb7 Rxc4 33. Rg7+
Kf8 34. Rxh7 Kg8 35. Rbg7+ Kf8 36. Rxg6 Rxf4 37. Rxf6+ Kg8 38. Rfh6 Rf8 39.
Rxa7 Rf7 40. Ra8+ Kg7 41. Rc6 Rc4 42. Ra5 Rc1+ 43. Kh2 c4 44. Rac5 Ra1 45. Ra6
Rc1 46. a4 c3 47. Rac6 Ra1 48. Rxc3 Rxa4 49. Rg3+ Kh7 50. Rg5 f4 51. Rc3 Ra2
52. Rf3 Ra4 53. h4 Kh6 54. Kh3 Raa7 55. Rg4 Ra4 56. Rf2 Ra3+ 57. Rf3 Ra4
1/2-1/2

[Event "España ch Sub-16 2008"]
[Site "Padron ESP"]
[Date "2008.07.20"]
[Round "1.45"]
[White "Larrosa Villanueva, Uxia"]
[Black "Beltran De Heredia E., Miguel"]
[Result "0-1"]
[WhiteElo "1603"]
[BlackElo "1993"]
[PlyCount "44"]
[EventDate "2008.07.20"]
[EventType "swiss"]
[EventRounds "9"]
[EventCountry "ESP"]
[Source "lmi"]
[SourceDate "2008.07.20"]

1. e4 c5 2. Nf3 e6 3. d4 cxd4 4. Nxd4 Nf6 5. Nc3 d6 6. Bb5+ Bd7 7. Bxd7+ Qxd7
8. O-O Be7 9. Kh1 O-O 10. f4 Nc6 11. Be3 a6 12. a4 Rac8 13. Qe2 Rfd8 14. Rad1
Qc7 15. Nxc6 Qxc6 16. Bd4 Rd7 17. Rf3 Qc4 18. Qf2 e5 19. fxe5 dxe5 20. Bxe5 Ng4
21. Qg3 Nxe5 22. Qxe5 Qxc3 0-1

[Event "España ch Sub-16 2008"]
[Site "Padron ESP"]
[Date "2008.07.20"]
[Round "1.46"]
[White "Gimenez Menchon, Cesar"]
[Black "Alsina Lopez, Adolfo"]
[Result "1-0"]
[WhiteElo "1987"]
[BlackElo "1599"]
[PlyCount "63"]
[EventDate "2008.07.20"]
[EventType "swiss"]
[EventRounds "9"]
[EventCountry "ESP"]
[Source "lmi"]
[SourceDate "2008.07.20"]

1. d4 d5 2. Nf3 e6 3. Bf4 Nf6 4. e3 Nbd7 5. Nbd2 Be7 6. Ne5 c5 7. c3 Nxe5 8.
dxe5 Nd7 9. c4 b6 10. Bd3 Bb7 11. O-O h5 12. cxd5 Bxd5 13. e4 Bc6 14. Nc4 g5
15. Bd2 Qc7 16. Bc3 Rh6 17. a4 f6 18. exf6 Bxf6 19. Bxf6 Nxf6 20. e5 Nd5 21.
Nd6+ Ke7 22. Qd2 Nf4 23. f3 h4 24. Rfe1 Rah8 25. Be4 Rh5 26. b4 Bxe4 27. Rxe4
Qc6 28. Rc1 Qxa4 29. bxc5 Qa6 30. c6 Nd5 31. c7 Nxc7 32. Rxc7+ 1-0

[Event "España ch Sub-16 2008"]
[Site "Padron ESP"]
[Date "2008.07.20"]
[Round "1.47"]
[White "Martin Fuentes, Paula"]
[Black "Collado Barbas, Laura"]
[Result "0-1"]
[WhiteElo "1574"]
[BlackElo "1983"]
[PlyCount "106"]
[EventDate "2008.07.20"]
[EventType "swiss"]
[EventRounds "9"]
[EventCountry "ESP"]
[Source "lmi"]
[SourceDate "2008.07.20"]

1. e4 e6 2. Nf3 d5 3. e5 c5 4. b4 cxb4 5. a3 Nc6 6. d4 Qb6 7. axb4 Bxb4+ 8. c3
Be7 9. Bd3 Bd7 10. O-O Rc8 11. Nbd2 f6 12. Re1 Nh6 13. Nb3 Nf7 14. Bf4 f5 15.
h3 g5 16. Bc1 h5 17. Nh2 g4 18. Bf1 gxh3 19. gxh3 Ng5 20. Bxg5 Bxg5 21. Nc5 Qc7
22. Nf3 Rg8 23. Nxg5 Rxg5+ 24. Kh1 Ke7 25. f4 Rg3 26. Qxh5 Rcg8 27. Qh4+ Ke8
28. Be2 Qd8 29. Qh5+ R3g6 30. Rg1 Ne7 31. Rxg6 Nxg6 32. Rg1 Kf7 33. Nxb7 Qh4
34. Nd6+ Kf8 35. Qxh4 Nxh4 36. Rxg8+ Kxg8 37. Kh2 Kg7 38. Kg3 Ng6 39. Ba6 Ne7
40. Nb7 Bc8 41. Nc5 Bxa6 42. Nxa6 Nc8 43. Nc5 Kf7 44. h4 Nb6 45. h5 a5 46. Nb3
a4 47. Na1 a3 48. Kf2 Na4 49. Ke3 Nxc3 50. Kd2 Nb5 51. Kd3 Kg7 52. Nb3 a2 53.
Kc2 Nxd4+ 0-1

[Event "España ch Sub-16 2008"]
[Site "Padron ESP"]
[Date "2008.07.20"]
[Round "1.48"]
[White "Gomez Dominguez, Xavier"]
[Black "Perez Castellano, Yaiza"]
[Result "1-0"]
[WhiteElo "1977"]
[BlackElo "1569"]
[PlyCount "45"]
[EventDate "2008.07.20"]
[EventType "swiss"]
[EventRounds "9"]
[EventCountry "ESP"]
[Source "lmi"]
[SourceDate "2008.07.20"]

1. e4 e5 2. Nf3 Nc6 3. Bc4 Nf6 4. d3 d6 5. c3 Be7 6. O-O O-O 7. Bb3 Be6 8. Bc2
d5 9. Qe2 Bd6 10. Bg5 h6 11. Bh4 dxe4 12. dxe4 Bg4 13. h3 Bh5 14. Nbd2 a6 15.
Rad1 Qe7 16. Nc4 Rad8 17. Ne3 Bg6 18. Nd5 Qe6 19. Bb3 Qc8 20. Nxf6+ gxf6 21.
Bxf6 Rde8 22. Qe3 Kh7 23. Ng5+ 1-0